РКИ в техническом вузе: пишем научные тексты: учебное пособие
| Andre forfattere: | , , , |
|---|---|
| Summary: | Заглавие с титульного экрана В учебном пособии раскрыты темы, связанные с особенностями использования русского языка для учебно-профессиональных целей в ситуациях учебно-научного общения: использование грамматики научного стиля речи при написании аннотации ВКР, оформление реферата-аннотации, написание и редактирование тезисов научных текстов, подготовка публичного выступления. Предназначено для иностранных студентов, обучающихся по специальностям и направлениям подготовки технического и естественно-научного профилей укрупненных групп «Физика и астрономия», «Электроника, радиотехника и системы связи», «Фотоника, приборостроение, оптические и биотехнические системы и технологии», «Машиностроение» и др. Текстовый файл AM_Agreement |
| Sprog: | russisk |
| Udgivet: |
Москва, Ай Пи Ар Медиа, 2024
|
| Fag: | |
| Online adgang: | https://doi.org/10.23682/142631 |
| Format: | MixedMaterials Electronisk Bog |
| KOHA link: | https://koha.lib.tpu.ru/cgi-bin/koha/opac-detail.pl?biblionumber=678681 |
MARC
| LEADER | 00000nam0a2200000 4500 | ||
|---|---|---|---|
| 001 | 678681 | ||
| 005 | 20250221155138.0 | ||
| 010 | |a 978-5-4497-3393-1 | ||
| 035 | |a (RuTPU)RU\TPU\network\39052 | ||
| 035 | |a RU\TPU\network\38991 | ||
| 090 | |a 678681 | ||
| 100 | |a 20250218d2024 m||y0rusy50 ca | ||
| 101 | 0 | |a rus | |
| 102 | |a RU | ||
| 105 | |a a j 001yy | ||
| 135 | |a drcn ---uucaa | ||
| 181 | 0 | |a i |b e | |
| 182 | 0 | |a b | |
| 183 | 0 | |a cr |2 RDAcarrier | |
| 200 | 1 | |a РКИ в техническом вузе: пишем научные тексты |e учебное пособие |f Т. Ф. Волкова, Н. В. Курикова, В. А. Красман, Д. Н. Володина | |
| 210 | |a Москва |c Ай Пи Ар Медиа |d 2024 | ||
| 283 | |a online_resource |2 RDAcarrier | ||
| 300 | |a Заглавие с титульного экрана | ||
| 330 | |a В учебном пособии раскрыты темы, связанные с особенностями использования русского языка для учебно-профессиональных целей в ситуациях учебно-научного общения: использование грамматики научного стиля речи при написании аннотации ВКР, оформление реферата-аннотации, написание и редактирование тезисов научных текстов, подготовка публичного выступления. Предназначено для иностранных студентов, обучающихся по специальностям и направлениям подготовки технического и естественно-научного профилей укрупненных групп «Физика и астрономия», «Электроника, радиотехника и системы связи», «Фотоника, приборостроение, оптические и биотехнические системы и технологии», «Машиностроение» и др. | ||
| 336 | |a Текстовый файл | ||
| 371 | 0 | |a AM_Agreement | |
| 606 | 1 | |a Русский язык |x Для других народов |x Учебные руководства и пособия |9 50340 | |
| 610 | 1 | |a электронный ресурс | |
| 610 | 1 | |a труды учёных ТПУ | |
| 610 | 1 | |a учебные пособия | |
| 610 | 1 | |a русский язык как иностранный | |
| 610 | 1 | |a лексика | |
| 610 | 1 | |a грамматика | |
| 610 | 1 | |a письмо | |
| 686 | |2 rubbk |a Ш141.2-96 | ||
| 701 | 1 | |a Волкова |b Т. Ф. |c лингвист |c доцент Томского политехнического университета, кандидат филологических наук |f 1974- |g Татьяна Фёдоровна |9 10887 | |
| 701 | 1 | |a Курикова |b Н. В. |c лингвист |c доцент Томского политехнического университета, кандидат филологических наук |f 1975- |g Наталья Владимировна |9 12939 | |
| 701 | 1 | |a Красман |b В. А. |c лингвист |c доцент Томского политехнического университета, кандидат филологических наук |f 1981- |g Вера Александровна |9 10890 | |
| 701 | 1 | |a Володина |b Д. Н. |c лингвист |c доцент Томского политехнического университета, кандидат филологических наук |f 1982- |g Дарья Николаевна |9 13733 | |
| 801 | 2 | |a RU |b 63413507 |c 20220811 |g RCR | |
| 856 | 4 | |u https://doi.org/10.23682/142631 |z https://doi.org/10.23682/142631 | |
| 942 | |c CF | ||